000 00613nam a22001937b 4500
003 3228
005 20260324144513.0
008 260324b sa ||||e |||| 00| 1 AFR d
020 _a9780799333602 (hardback)
040 _aMPL
_beng
_c3228
_erda
041 _aAfrikaans
082 0 _aAF VANB
100 _9106765
_a Van Bergen, Maryna
_eauthor
245 _aLiefde vlam soos vuur /
_cAuthor: Maryna van Bergen ; + Design manager: Susan Bloemhof ; + Designer: Marinda Knox
250 _aSecond print
260 _aPretoria
_bLAPA Uitgewers
_c© 2005
_c© 1994
300 _a159 pages :
_c21 cm
942 _2ddc
_cBK
_w245
_xIzakina Blanche
_y245
_zIzakina Blanche
999 _c795038
_d795037